Geschichte - Daten - Statistiken

Allgemein
  • Dieses Quiz wurde 42 mal gespielt
  • Das Durchschnittsergebnis liegt bei 7 aus 20
Antwortstatistiken
Schwierigkeit Frage Antwort % Korrekt
Einfach Jahr des Beginn des 1. Weltkriegs 1914
100%
Einfach Jahr des Falls der Sowjetunion 1991
87%
Einfach Jahr der Französischen Revolution 1789
74%
Mittel Jahr der Kubakrise 1962
74%
Mittel Jahr des Endes des Koreakriegs 1953
62%
Einfach Jahr des Endes des 30-jährigen Krieges 1648
59%
Fortgeschritten Jahr der Machtergreifung Mussolinis 1922
41%
Mittel Jahr des Vertrags von Brest-Litowsk 1918
38%
Mittel Jahr der Schlacht bei Austerlitz 1806
18%
Fortgeschritten Jahr der Xinhai-Revolution 1911
15%
Fortgeschritten Jahr des Starts der Expedition von Magellan 1519
13%
Schwer Jahr des Starts des Spanischen Erbfolgekriegs 1701
13%
Schwer Jahr der 3. polnischen Teilung (Polen-Litauen) 1795
13%
Sehr schwer Jahr der Schlacht bei Leuthen 1757
10%
Fortgeschritten Jahr der Unterzeichnung der Magna Carta 1215
8%
Schwer Jahr der Gründung von Preußen (Herzogtum) 1525
8%
Sehr schwer Jahr der Abdankung von Karl V. 1556
8%
Schwer Jahr der Schlacht am Lechfeld 955
8%
Sehr schwer Jahr der Plünderung von Konstantinopel (4. Kreuzzug) 1204
5%
Sehr schwer Jahr des Falls von Trepizunt (heutiges Trabzon) 1462
5%
Keine übereinstimmenden Quizze gefunden
Verteilung der Resultate
Anzahl Personen mit jedem Resultat
Perzentil nach korrekt beantworteten Fragen
Ihre Resultats-Entwicklung
Sie haben dieses Quiz noch nicht gespielt